000
00218 a2200097 4500
001
15695
100
_a
Dobie Ann B
245
_a
Comprehension and Composition
260
_a
_b
Macmillan Pub.
_c
090
_c
12253
_d
12253
942
_a
NUST-CAE
_c
M
_c
2507
999
_c
250768
_d
250768